00845nam a22002537a 4500999001900000005001700019010001500036020002700051035001400078037001300092082001200105100002100117245007300138260005700211270004300268300002000311500004000331700002000371700001500391700002100406700001600427942002600443952012200469 c169692d16969220191129121320.0 aENG-127026 c4500.00a9788181714787 aEN-110558 bDBAD/PUB a591.954 aChandra, Kailash aFaunal diversity of Indian Himalaya /cby Kailash Chandra ...[et al] aKolkata bPublication Division by the Directorc2018 aM-Block, New AliporebKolkata e700053 a872p.c30cm(Hb) aIncludes bibliographical references aGupta, Devanshu aGopi, K.C. aTripathy Basudev aVikar Kumar 2ddccENh591.954mFAU 001040708NFICaLbLd2019-11-29eDBAD/PUBg4500.00l0o591.954 FAUpEN-110558r2019-11-29 00:00:00t1v4500.00yEN